20 rokov Okresnej organizácie Slovenského poľovníckeho zväzu Partizánske 1997-2017

Bibliographic Details
Other Authors: Herz, Jozef, 1945- (Compiler)
Format: Book
Language:Slovak
PhysicalDescription:105 strán grafy, farebné fotografie, ilustrácie, tabuľky 21 cm
Published: [Ostratice] [Jozef Herz] 2018
ISBN:9788097301163
Subjects:

MARC

LEADER 00000nam a2200000 4500
001 vtls011755904
003 SK-MaSNL
005 20260301142303.0
008 200104s2018 xo odalg 000 0 slo
015 |a SNBA2018/06 
020 |a 9788097301163  |q (brožované) 
035 |a urn:nbn:sk:snk-am00d336 
035 |a urn:nbn:sk:snk-am3hk0d 
035 |a CF3E46A6-CEAA-4EB2-A6A3-429743BC4072 
040 |a SNK  |b slo  |c SNK  |e rda 
041 0 |a slo 
043 |a e-xo--- 
044 |a xo  |c SK 
072 7 |a 639.1  |x Poľovníctvo  |2 konspekt 
080 |a 639.1  |2 2011 
080 |a (437.6)  |2 2011 
080 |a (082.2)  |2 2011 
245 0 0 |a 20 rokov Okresnej organizácie Slovenského poľovníckeho zväzu Partizánske  |b 1997-2017  |c zostavil: Jozef Herz 
246 3 |a Dvadsať rokov Okresnej organizácie Slovenského poľovníckeho zväzu Partizánske 
264 1 |a [Ostratice]  |b [Jozef Herz]  |c 2018 
300 |a 105 strán  |b grafy, farebné fotografie, ilustrácie, tabuľky  |c 21 cm 
336 |a text  |b txt  |2 rdacontent 
337 |a bez média  |b n  |2 rdamedia 
338 |a zväzok  |b nc  |2 rdacarrier 
500 |a Vydavateľské údaje podľa NA ISBN 
500 |a Na dokumente uvedený vydavateľ: Okresná organizácia Slovenského poľovníckeho zväzu v Partizánskom 
610 2 7 |a Slovenský poľovnícky zväz (Partizánske, Slovensko)  |2 SNKKA  |9 497652 
650 0 7 |a poľovníctvo  |2 SNKPH  |9 2774 
650 0 7 |a Hunting  |2 SNKPHeng  |9 265411 
651 7 |a Partizánske (Slovensko)  |2 SNKPHgeo  |9 51183 
651 7 |a Partizánske (Slovakia)  |2 SNKPHeng  |9 376470 
655 7 |a jubilejné publikácie  |2 SNKPH  |9 70339 
655 7 |a Jubilee books  |2 SNKPHeng  |9 281827 
700 1 |a Herz, Jozef,  |d 1945-  |4 com  |9 103259 
919 |a 978-80-973011-6-3 
999 |c 769736  |d 771666 
952 |a SNK  |b SNK  |y PREZ  |7 0  |p 17A1330477  |o snkSC 179436  |i snk2018/10319  |8 0  |0 0  |1 0  |4 0  |d 2018-05-14  |f 1  |l 0  |r 2026-02-24 00:31:24  |w 2026-02-24 
952 |a SNK  |b SNK  |y VYP  |7 0  |p 17A1330478  |o snkSC 179436 D1  |i snk2018/10320  |8 0  |0 0  |1 0  |4 0  |d 2018-05-14  |l 0  |r 2026-02-24 00:31:24  |w 2026-02-24